Statistics for Eurovision Song Contest 2014

Click here to take the quiz!

General Stats

  • This quiz has been taken 599 times
    (394 since last reset)
  • The average score is 41 of 74

Answer Stats

CountryArtist/Group/Song% Correct
AustriaConchita Wurst
89%
AustriaRise Like a Phoenix
89%
SwedenUndo
84%
The NetherlandsCalm After the Storm
79%
HungaryRunning
78%
UkraineTick-Tock
78%
San MarinoMaybe
76%
ArmeniaAram MP3
75%
BelarusCheesecake
75%
The NetherlandsThe Common Linnets
74%
ArmeniaNot Alone
73%
San MarinoValentina Monetta
73%
FranceMoustache
72%
LatviaCake to Bake
71%
United KingdomChildren of the Universe
71%
United KingdomMolly
71%
RussiaShine
71%
SpainDancing in the Rain
70%
GreeceRise Up
69%
RomaniaMiracle
68%
NorwaySilent Storm
68%
BelarusTeo
67%
SwedenSanna Nielsen
66%
BelgiumMother
65%
AzerbaijanStart a Fire
65%
DenmarkCliché Love Song
64%
SpainRuth Lorenzo
63%
SloveniaRound and Round
62%
IsraelSame Heart
62%
EstoniaAmazing
61%
GermanyIs It Right
61%
FinlandSomething Better
61%
FranceTwin Twin
61%
MaltaComing Home
60%
SwitzerlandHunter of Stars
60%
SwitzerlandSebalter
60%
IcelandNo Prejudice
59%
IcelandPollapönk
59%
PortugalSuzy
57%
EstoniaTanja
55%
LithuaniaAttention
53%
DenmarkBasim
53%
PolandDonatan & Cleo
52%
PolandMy Słowianie - We Are Slavic
52%
FinlandSoftengine
50%
NorwayCarl Espen
49%
IrelandHeartbeat
49%
RussiaTolmachevy Sisters
49%
ItalyLa mia città
48%
GermanyElaiza
46%
UkraineMariya Yaremchuk
45%
RomaniaPaula Seling & Ovi
44%
PortugalQuero ser tua
44%
HungaryAndrás Kállay-Saunders
41%
GeorgiaThree Minutes to Earth
41%
MacedoniaTo the Sky
41%
AlbaniaHersi
40%
IsraelMei Finegold
40%
MontenegroMoj Svijet
38%
AlbaniaOne Night's Anger
38%
BelgiumAxel Hirsoux
37%
AzerbaijanDilara Kazimova
35%
MaltaFirelight
35%
SloveniaTinkara Kovač
35%
MoldovaWild Soul
35%
ItalyEmma Marrone
34%
MacedoniaTijana
32%
MoldovaCristina Scarlat
27%
LatviaAarzemnieki
26%
MontenegroSergej Ćetković
24%
GeorgiaThe Shin & Mariko
23%
GreeceFreaky Fortune feat. RiskyKidd
21%
LithuaniaVilija Matačiūnaitė
21%
IrelandCan-Linn feat. Kasey Smith
16%

Score Distribution

Percentile by Number Answered

Percent of People with Each Score

Your Score History

You have not taken this quiz since the last reset